Výskyt a správanie sa liečiv, drog a ich metabolitov v životnom prostredí a progresívne postupy schopné ich účinne odstraňovať habilitačná práca

Na minha lista:
Detalhes bibliográficos
Autor principal: Mackuľak, Tomáš
Formato: Livro
Idioma:eslovaco
Publicado em: Bratislava STU FCHPT 2016
Acesso em linha:View in OPAC
Tags: Adicionar Tag
Sem tags, seja o primeiro a adicionar uma tag!

MARC

LEADER 00000nam a2200000 a 4500
005 20260127134303.0
008 170410 2016 xo 001 0 slo d
035 |a vtls011623053 
039 9 |y 201704101341  |z mschk03 
040 |a STUSCHK1  |b slo  |c STUSCHK1  |e AACR2 
100 1 |a Mackuľak, Tomáš 
245 1 |a Výskyt a správanie sa liečiv, drog a ich metabolitov v životnom prostredí a progresívne postupy schopné ich účinne odstraňovať  |b habilitačná práca  |c Tomáš Mackuľak 
260 |a Bratislava  |b STU FCHPT  |c 2016 
300 |a 69 s.  |b il.  |c 30 cm 
500 |a Dátum obhajoby: 14.7.2016 
500 |a Miesto vypracovania: Ústav chemického a environmentálneho inžinierstva 
910 |a SCHK95 
999 |c 8843  |d 8843